Statistiques concernant Les communes de Provence-Alpes-Côte d'Azur

Cliquez ici pour prendre le quiz!

Statistiques générales

  • Ce quiz a été pris 569 fois
  • Le résultat moyen est 23 sur 56

Réponses sur la Carte

Les réponses sont colorées sur une échelle allant du rouge au vert en fonction du pourcentage des utilisateurs qui les ont devinées à leur premier essai. Vous pouvez retrouver ces pourcentages ci-dessous.
 

Statistiques - réponses

Réponse% Correct
Marseille
99%
Nice
98%
Toulon
92%
Cannes
91%
Hyères
80%
Menton
80%
Saint-Tropez
77%
Antibes
76%
Fréjus
71%
Arles
69%
Cassis
67%
Saint-Raphaël
66%
La Ciotat
61%
Martigues
61%
La Seyne-sur-Mer
58%
Sainte-Maxime
51%
Cagnes-sur-Mer
47%
Saintes-Maries-de-la-Mer
47%
Fos-sur-Mer
45%
Bandol
43%
Sanary-sur-Mer
39%
Le Lavandou
38%
Saint-Laurent-du-Var
36%
Mandelieu-la-Napoule
35%
Saint-Cyr-sur-Mer
34%
Six-Fours-les-Plages
34%
Bormes-les-Mimosas
31%
Cavalaire-sur-Mer
31%
Ramatuelle
31%
Villefranche-sur-Mer
31%
Carry-le-Rouet
30%
Èze
30%
Port-de-Bouc
29%
Roquebrune-Cap-Martin
29%
Saint-Jean-Cap-Ferrat
29%
Grimaud
26%
Port-Saint-Louis-du-Rhône
26%
Villeneuve-Loubet
26%
Cap-d'Ail
25%
Cogolin
25%
La Garde
25%
Vallauris
25%
Ollioules
24%
Saint-Mandrier-sur-Mer
24%
Théoule-sur-Mer
24%
Beaulieu-sur-Mer
22%
Roquebrune-sur-Argens
22%
Sausset-les-Pins
21%
La Londe-les-Maures
20%
Le Pradet
20%
Carqueiranne
19%
Le Rove
19%
Ensuès-la-Redonne
18%
La Croix-Valmer
18%
Gassin
17%
Rayol-Canadel-sur-Mer
15%

Distribution des résultats

Percentile par nombre de réponses

% des personnes avec chaque résultat

Votre développement - résultats

Vous n’avez pas pris ce quiz